000
00276nam a2200121Ia 4500
008
190216s9999||||xx |||||||||||||| ||und||
100
_a
Robert Frost
245
0
_a
Selected Poems
260
_b
Penguin Books
_c
1973
300
_a
285p
650
_a
English Poetry
942
_c
BK
999
_c
12658
_d
12658